[Event "Wch U10"]
[White "Chen, Pin Jui"]
[Black "Larionov, Serghei"]
[Site "Montesilvano"]
[Round "8"]
[Result "1/2-1/2"]
[Date "2024.11.23"]
[WhiteElo "1505"]
[BlackElo "1720"]
[PlyCount "178"]
[EventDate "2024.11.15"]
[EventType "swiss"]
[EventRounds "11"]
[EventCountry "ITA"]
[SourceTitle "CB48_2024"]
[SourceDate "2024.11.28"]
[SourceVersion "1"]
[SourceVersionDate "2024.11.28"]
[SourceQuality "1"]

1. e4 e5 2. Nf3 Nc6 3. Bb5 a6 4. Ba4 Bc5 5. 0-0 Nge7 6. Nxe5 Nxe5 7. d4 b5 8. Bb3 Bb6 9. dxe5 Nc6 10. Nc3 0-0 11. Kh1 Nxe5 12. f4 Nc6 13. Qh5 Nd4 14. f5 Nxb3 15. axb3 b4 16. Nd5 f6 17. Rf3 Bb7 18. Rh3 Bxd5 19. Qxh7+ Kf7 20. Qg6+ Kg8 21. exd5 Qe8 22. Qh7+ Kf7 23. Bh6 Rg8 24. Qg6+ Kf8 25. Qxf6+ Qf7 26. Qxf7+ Kxf7 27. Bg5 Rge8 28. Rd3 Re5 29. g4 Rae8 30. Rad1 Re1+ 31. Rxe1 Rxe1+ 32. Kg2 Re2+ 33. Kg3 Rxc2 34. Rd2 Rxd2 35. Bxd2 a5 36. Kf4 Bd4 37. Bc1 d6 38. h4 Bf2 39. h5 Bd4 40. g5 Be5+ 41. Kg4 Bd4 42. h6 gxh6 43. gxh6 Bf6 44. Kh5 Be5 45. Kg4 Kf6 46. Bg5+ Kf7 47. Bd8 Bxb2 48. Bxc7 a4 49. bxa4 Be5 50. a5 b3 51. Bxd6 Bxd6 52. h7 Be5 53. h8Q Bxh8 54. a6 b2 55. a7 b1Q 56. a8Q Qe4+ 57. Kg3 Qe3+ 58. Kg4 Qe2+ 59. Kh3 Qf3+ 60. Kh2 Qf2+ 61. Kh3 Qf3+ 62. Kh2 Be5+ 63. Kg1 Qd1+ 64. Kf2 Bd4+ 65. Kg3 Qd3+ 66. Kg2 Qe2+ 67. Kh3 Qf1+ 68. Kg4 Qe2+ 69. Kh3 Qf1+ 70. Kg4 Qe2+ 71. Kh3 Qh5+ 72. Kg3 Be5+ 73. Kf2 Qxf5+ 74. Ke2 Qe4+ 75. Kd2 Qd4+ 76. Kc2 Qc3+ 77. Kd1 Qd3+ 78. Kc1 Bf4+ 79. Kb2 Qd2+ 80. Kb3 Qd3+ 81. Kb2 Be5+ 82. Kc1 Qc4+ 83. Kd1 Qb3+ 84. Ke2 Qc4+ 85. Kd1 Qd3+ 86. Kc1 Qc3+ 87. Kd1 Qd3+ 88. Kc1 Qc3+ 89. Kd1 Bd6 1/2-1/2

[Event "Wch U10"]
[White "Friscic, Jakov"]
[Black "Chen, Pin Jui"]
[Site "Montesilvano"]
[Round "7"]
[Result "0-1"]
[Date "2024.11.22"]
[WhiteElo "1685"]
[BlackElo "1505"]
[PlyCount "120"]
[EventDate "2024.11.15"]
[EventType "swiss"]
[EventRounds "11"]
[EventCountry "ITA"]
[SourceTitle "CB48_2024"]
[SourceDate "2024.11.28"]
[SourceVersion "1"]
[SourceVersionDate "2024.11.28"]
[SourceQuality "1"]

1. d4 d5 2. c4 c6 3. cxd5 cxd5 4. Nc3 Nf6 5. Bf4 e6 6. e3 Bd6 7. Bxd6 Qxd6 8. Nf3 Nc6 9. a3 0-0 10. Bd3 b6 11. 0-0 Bb7 12. Rc1 Rfe8 13. Nb5 Qe7 14. Ne5 Rec8 15. Nxc6 Rxc6 16. Rxc6 Bxc6 17. Qc2 Qd7 18. Nc3 Rc8 19. Rc1 h6 20. Ba6 Bb7 21. Bxb7 Qxb7 22. f3 a6 23. Qd2 b5 24. Ne2 Ne8 25. Rxc8 Qxc8 26. Qc3 Qb7 27. Qc5 g6 28. b4 Kg7 29. Nc1 h5 30. Nb3 f6 31. Kf2 Kf7 32. Na5 Qd7 33. Ke2 Nc7 34. Nc6 Ke8 35. Nb8 Qc8 36. Qc6+ Kf8 37. Nd7+ Ke7 38. Nc5 Kd8 39. Kd3 g5 40. e4 dxe4+ 41. fxe4 g4 42. g3 f5 43. e5 Ke7 44. Ke3 Nd5+ 45. Qxd5 exd5 46. Kf4 Kf7 47. Kg5 Qg8+ 48. Kxf5 Qg6+ 49. Kf4 Qh6+ 50. Kf5 Qd2 51. e6+ Ke7 52. Nxa6 Qxh2 53. Nc7 Qc2+ 54. Kg5 Qxc7 55. Kxh5 Qxg3 56. a4 Qf3 57. axb5 g3+ 58. Kh4 g2 59. b6 g1R 60. b7 Qg4# 0-1